00608nam a2200181 4500001000700000003000900007005001700016007000300033008004100036245003100077260006500108300003000173490001900203830002700222852003200249999001900281952012600300126675ES-MaACL20230906192847.0t|070214s1958 sp r ||||1| spa d00aResistencia de materiales. aVitoria : b[s. n.], c1958 (fTall. Tip. de Jesús Obrero) a103 p. : bil. ; c22 cm.1 aJesús Obrero0 aJesús Obrero9183662 aES-MaACLjC-16629 bR.45342 c126675d126675 00104070aATENEOMbATENEOMcGaleríad2008-01-17eSCl0oC-16629p1131945r2023-02-23 00:00:00w2023-02-23yMONOGRAFIA